Nazwa Państwa = Nazwa Stolicy - Statystyki

Ogólne statystyki
  • Ten quiz został rozwiązany 44 razy
  • Średni wynik to 8 z 11
Statystyki odpowiedzi
Hint Odpowiedź % Poprawnych
Europa Andora
95%
Europa Luksemburg
95%
Europa San Marino
95%
Europa Watykan
95%
Europa Monako
85%
Ameryka północna Meksyk
74%
Azja Singapur
59%
Afryka Dżibuti
56%
Ameryka północna Gwatemala
54%
Ameryka północna Panama
54%
Azja Kuwejt
41%
Nie znaleziono quizów pasujących do podanych kryteriów
Rozkład punktacji
Procent ludzi z każdym wynikiem
Percentyl według liczby udzielonych odpowiedzi
Twoja historia wyników
Nie rozwiązałeś tego quizu